Normal view
MARC view
- Basu, Himadri Sekhar
Entry Personal Name
001 - CONTROL NUMBER
- control field: 24857
003 - CONTROL NUMBER IDENTIFIER
- control field: IN-BhIIT
005 - DATE AND TIME OF LATEST TRANSACTION
- control field: 20241118190313.0
008 - FIXED-LENGTH DATA ELEMENTS
- fixed length control field: 241118|| aca||aabn | a|a d
040 ## - CATALOGING SOURCE
- Original cataloging agency: IN-BhIIT
- Transcribing agency: IN-BhIIT
100 ## - HEADING--PERSONAL NAME
- Personal name: Basu, Himadri Sekhar
670 ## - SOURCE DATA FOUND
- Source citation: Work cat.: (IN-BhIIT)14495: Basu, Himadri Sekhar Author, Multi component electro-hydrodyanamic flows: A hybrid lattice boltzmann method based numerical study/, 2024.